000 01273nma a22002417a 4500
003 NALT
005 20251223113907.0
006 g q ||
008 s2558 th tha d
040 _a์NALT
041 _atha
090 _aCD 2490
110 2 _aกระทรวงพาณิชย์.
_bสำนักงานปลัดกระทรวงพาณิชย์
_91100
245 1 0 _aสถิติการค้าระหว่างประเทศของไทยปี 2557 /
_cสำนักงานปลัดกระทรวงพาณิชย์ กระทรวงพาณิชย์.
260 _aกรุงเทพฯ :
_bสำนักงานปลัดกระทรวงพาณิชย์,
_c2558
300 _a1 แผ่น :
_bSd., Col.
650 0 4 _aไทย -- การค้ากับต่างประเทศ -- สถิติ -- 2557
650 4 _aการค้าระหว่างประเทศ
_99659
651 4 _aไทย
_xการค้ากับต่างประเทศ
_xสถิติ
_y2557
_967171
651 4 _aไทย
_xการค้ากับต่างประเทศ
_915392
850 _aNALT
942 _cCD
_2local
999 _c74534
_d74534
998 _j104
_k นางสาวสายฝน ดีงาม